| 000 | 00804nmc a2200277 a 4500 | ||
|---|---|---|---|
| 003 | AR-BaBNM | ||
| 005 | 20251128204729.0 | ||
| 008 | 055119s1994 ||||||||||||||000 | spa|| | ||
| 020 | _a84-87077-34 | ||
| 040 | _cAR-BaBNM | ||
| 100 | 1 | _aVallés Arándiga, Antonio | |
| 245 | 1 | 0 |
_aMapas conceptuales _bprograma para su aprendizaje, educación primaria |
| 260 |
_aAlicante _bDisgrafos _c1994 |
||
| 300 | 0 |
_a113 p. _btablas, diagr., il. |
|
| 490 | 0 |
_aCuadernos de recuperación _vv. 20 |
|
| 650 | 4 | _aMETODOS DE ESTUDIO | |
| 650 | 4 | _aAPRENDIZAJE ASOCIATIVO | |
| 650 | 4 | _aMETODOS DE ENSENANZA | |
| 650 | 4 | _aPENSAMIENTO LOGICO | |
| 650 | 4 | _aPROCESO COGNOSCITIVO | |
| 650 | 4 | _aCOMPRENSION | |
| 650 | 4 | _aESQUEMAS CONCEPTUALES | |
| 650 | 4 | _aRAZONAMIENTO ABSTRACTO | |
| 942 | _cBK | ||
| 998 | _cGLORIA | ||
| 999 |
_c8596 _d8596 |
||